Migračná politika Európskej únie so zameraním na Taliansku republiku
Súčasný stav imigrácie v Taliansku. Migračná politika Talianska vo vzťahu k Európskej únii. Integrácia imigrantov. Problematika nelegálnej imigrácie a jej riešenia.
Gespeichert in:
| 1. Verfasser: | |
|---|---|
| Format: | Buchkapitel |
| Sprache: | Slowakisch |
| Schlagworte: | |
| Tags: |
Keine Tags, Fügen Sie das erste Tag hinzu!
|
MARC
| LEADER | 00000nla$a2200000$$$4500 | ||
|---|---|---|---|
| 001 | 0056674 | ||
| 005 | 20240502083139.5 | ||
| 041 | 0 | |a slo | |
| 044 | |a CZ | ||
| 245 | 1 | 0 | |a Migračná politika Európskej únie so zameraním na Taliansku republiku |c Zuzana Kálmanová |
| 520 | |a Súčasný stav imigrácie v Taliansku. Migračná politika Talianska vo vzťahu k Európskej únii. Integrácia imigrantov. Problematika nelegálnej imigrácie a jej riešenia. | ||
| 610 | 2 | 0 | |a Európska únia |
| 610 | 2 | 0 | |a Taliansko |
| 610 | 2 | 0 | |a legislatíva |
| 610 | 2 | 0 | |a politika azylová |
| 610 | 2 | 0 | |a politika medzinárodná |
| 610 | 2 | 0 | |a imigrácia |
| 100 | 1 | |a Kálmanová, Zuzana | |